| 000 | 00856cam a2200241 4500 | ||
|---|---|---|---|
| 008 | 090401t1997 xxu||||| |||| 00| 0 eng d | ||
| 020 | _a0419215301 | ||
| 035 | _a(Sirsi) u78550 | ||
| 041 | _aeng | ||
| 050 | _a697.93 | ||
| 245 | _aSick building syndrome: concepts, issues and practice. | ||
| 260 |
_aLondon _bE & F N Spon _c1997 |
||
| 300 | _axi,186p. : ill. ; 24cm. | ||
| 350 | _a27.5 | ||
| 520 | _aExplores sick building syndrome from an architectural, medical, psychological and legal perspective. Provides guidance for the diagnosis and elimination of SBS as well as highlighting the potential legal implications. | ||
| 650 | _aHEATING AND VENTILATION | ||
| 650 | _aLIGHTING | ||
| 650 | _aSICK BUILDING SYNDROME | ||
| 690 | _aOFFICE SERVICES AND ADMINISTRATION | ||
| 700 |
_aRostron, Jack _xEditor |
||
| 942 | _n0 | ||
| 948 | _c27/05/1997 | ||
| 999 |
_c96461 _d96461 |
||